000
00343nam a2200145Ia 4500
008
230718s9999 xx 000 0 und d
041
_a
Eng.
082
_a
346.15
_b
PAK-S
100
_a
Pakistan
245
0
_a
Supreme court of Pakistan
260
_a
Pakistan
_b
Supreme court of Pakistan
_c
2015
300
_a
152
650
_a
Law
999
_c
30600
_d
30600